Everyday Mathematics/ (Record no. 422)
[ view plain ]
| 000 -LEADER | |
|---|---|
| fixed length control field | 00436nam a22001697a 4500 |
| 005 - DATE AND TIME OF LATEST TRANSACTION | |
| control field | 20140313085905.0 |
| 008 - FIXED-LENGTH DATA ELEMENTS--GENERAL INFORMATION | |
| fixed length control field | 140313b xxu||||| |||| 00| 0 eng d |
| 020 ## - INTERNATIONAL STANDARD BOOK NUMBER | |
| International Standard Book Number | 0076000354 |
| 080 ## - UNIVERSAL DECIMAL CLASSIFICATION NUMBER | |
| Universal Decimal Classification number | 510.2 |
| 245 ## - TITLE STATEMENT | |
| Title | Everyday Mathematics/ |
| 250 ## - | |
| -- | 1 st.ed.; |
| 260 ## - | |
| -- | America |
| -- | McGraw Hill, |
| -- | 2004, |
| 300 ## - | |
| -- | [224] f.: |
| -- | me il.; |
| -- | 28 cm, |
| 650 ## - | |
| -- | Bazat e Matematikës, |
| 650 ## - | |
| -- | Matematikë Elementare, |
| 942 ## - ADDED ENTRY ELEMENTS (KOHA) | |
| Source of classification or shelving scheme | |
| Item type | Books |
| Withdrawn status | Lost status | Source of classification or shelving scheme | Damaged status | Not for loan | Collection code | Permanent location | Current location | Shelving location | Date acquired | Total Checkouts | Full call number | Barcode | Date last seen | Price effective from | Koha item type |
|---|---|---|---|---|---|---|---|---|---|---|---|---|---|---|---|
| Koleksioni i përgjithshem | UBT - Ferizaj | UBT - Ferizaj | Koleksioni i përgjithshem | 03/13/2014 | 510.2 EVE | 003000179 | 03/13/2014 | 03/13/2014 | Books | ||||||
| Koleksioni i përgjithshem | UBT - Ferizaj | UBT - Ferizaj | Koleksioni i përgjithshem | 03/13/2014 | 510.2 EVE | 003000180 | 03/13/2014 | 03/13/2014 | Books | ||||||
| Koleksioni i përgjithshem | UBT - Ferizaj | UBT - Ferizaj | Koleksioni i përgjithshem | 03/13/2014 | 510.2 EVE | 003000181 | 03/13/2014 | 03/13/2014 | Books | ||||||
| Koleksioni i përgjithshem | UBT - Ferizaj | UBT - Ferizaj | Koleksioni i përgjithshem | 03/13/2014 | 510.2 EVE | 003000182 | 03/13/2014 | 03/13/2014 | Books |